|
|
|
|
| LEADER |
00000nab a2200000 a 4500 |
| 001 |
vtls008845986 |
| 003 |
SK-MaSNL |
| 005 |
20260304140020.0 |
| 008 |
250505|2005 xo u|me|||||||00 ||slo |
| 015 |
|
|
|a SNBRA2006/09
|
| 035 |
|
|
|a (uuid)e62f3f39-865a-41a4-94d2-ac1a913e6291
|
| 035 |
|
|
|a urn:nbn:sk:snk-abae9y
|
| 035 |
|
|
|a (urnnbn)urn:nbn:sk:snk:ar-008dcf
|
| 038 |
|
|
|a SNKBUCL
|
| 040 |
|
|
|a SNKBUCL
|b slo
|c SNKBUCL
|e AACR2
|
| 041 |
0 |
|
|a slo
|
| 044 |
|
|
|a xo
|c SK
|
| 080 |
|
|
|a 281.9
|2 1997
|
| 080 |
|
|
|a 27-25
|2 2001
|
| 100 |
1 |
|
|a Šak, Štefan
|4 aut
|9 10336
|
| 245 |
1 |
0 |
|a Eucharistia v katechizácii, katechizácia v eucharistii
|c Štefan Šak
|
| 546 |
|
|
|a Bibliogr. odkazy
|
| 610 |
1 |
7 |
|a pravoslávne cirkvi
|2 snkbucl
|9 393731
|
| 650 |
0 |
7 |
|a pravoslávie
|2 snkbucl
|9 4092
|
| 650 |
0 |
7 |
|a eucharistia
|2 snkbucl
|9 796
|
| 650 |
0 |
7 |
|a katechizácia
|2 snkbucl
|9 59091
|
| 773 |
0 |
|
|t Pravoslávny teologický zborník XXIX (14)
|d Prešov : Prešovská univerzita - Pravoslávna bohoslovecká fakulta, 2005
|g S. 59-67
|z 8080683999
|
| 850 |
|
|
|a Slovenská národná knižnica
|
| 852 |
|
|
|a Slovenská národná knižnica
|
| 954 |
|
|
|a odborná, vedecká literatúra pôvodná (slovenská)
|2 lita
|
| 958 |
|
|
|a article14
|
| 958 |
|
|
|a OND
|
| 958 |
|
|
|a SK
|
| 958 |
|
|
|a NB
|
| 958 |
|
|
|a NT
|
| 958 |
|
|
|a EUIPO
|
| 999 |
|
|
|c 2913183
|d 2915113
|